Using software tools : (Record no. 5618)
[ view plain ]
| 000 -LEADER | |
|---|---|
| fixed length control field | 00743cam a2200253 a 4500 |
| 001 - CONTROL NUMBER | |
| JCCL Control Number | 5618 |
| 003 - CONTROL NUMBER IDENTIFIER | |
| JCCL marc code | BD-JhCC |
| 005 - DATE AND TIME OF LATEST TRANSACTION | |
| control field | 20171219105459.0 |
| 008 - FIXED-LENGTH DATA ELEMENTS--GENERAL INFORMATION | |
| fixed length control field | 880516s1988 nyua 000 0 eng |
| 020 ## - INTERNATIONAL STANDARD BOOK NUMBER | |
| International Standard Book Number | 0070548706 (pbk.) |
| 035 ## - SYSTEM CONTROL NUMBER | |
| system control number | (BD-JhCC)5618 |
| 040 ## - CATALOGING SOURCE | |
| Original cataloging agency | DLC |
| Transcribing agency | DLC |
| Modifying agency | DLC |
| -- | BD-JhCC |
| 041 ## - LANGUAGE CODE | |
| Language code of Book | eng |
| 050 00 - LIBRARY OF CONGRESS CALL NUMBER | |
| Classification number | QA76.754 |
| Item number | .S275 1988 |
| 082 00 - DEWEY DECIMAL CLASSIFICATION NUMBER | |
| Classification number | 005.36/5 |
| DDC Edition number | 19 |
| Author mark and Year | SAR 1988 |
| 100 1# - MAIN ENTRY--PERSONAL NAME | |
| Personal name | Saret, Laura. |
| 245 10 - TITLE STATEMENT | |
| Title | Using software tools : |
| Remainder of title | WordStar 4.0, VP-planner/Lotus, and dBase III plus / |
| Statement of responsibility, etc | Laura Saret, Peter Dublin. |
| 260 ## - PUBLICATION, DISTRIBUTION, ETC. (IMPRINT) | |
| Place of publication, distribution, etc | New York : |
| Name of publisher, distributor, etc | McGraw-Hill Book Co., |
| Date of publication, distribution, etc | c1988. |
| 300 ## - PHYSICAL DESCRIPTION | |
| Pagination | xi, 20, [367] p. : |
| Other physical details | ill. ; |
| Dimensions | 28 cm. |
| 650 #0 - SUBJECT ADDED ENTRY--TOPICAL TERM | |
| Topical term or geographic name as entry element | Computer software. |
| 700 1# - ADDED ENTRY--PERSONAL NAME | |
| Personal name | Dublin, Peter. |
| 942 ## - ADDED ENTRY ELEMENTS (KOHA) | |
| Source of classification or shelving scheme | Dewey Decimal Classification |
| Koha item type | Books |
| Source of classification or shelving scheme | Damaged status | Not for loan | Home library | Current library | Shelving location | Date of accession | Total Checkouts | Full call number | Barcode | Date last seen | Copy number | Koha item type |
|---|---|---|---|---|---|---|---|---|---|---|---|---|
| Dewey Decimal Classification | JCC Rouf Library | JCC Rouf Library | General Stacks | 12/13/2017 | 005.36/5 SAR 1988 | 7806 | 12/19/2017 | C - 1 | Books |